header

Education in heart. (Record no. 63184)

MARC details
000 -LEADER
fixed length control field 01091nam a2200301 a 4500
082 04 - DEWEY DECIMAL CLASSIFICATION NUMBER
Classification number 616.12
245 00 - TITLE STATEMENT
Title Education in heart.
260 ## - PUBLICATION, DISTRIBUTION, ETC. (IMPRINT)
Place of publication London :
Name of publisher BMJ,
Year of publication 2002.
300 ## - PHYSICAL DESCRIPTION
Number of Pages ix, 276 p. :
Other physical details ill. (some col.).
500 ## - GENERAL NOTE
General note Series editor: Peter Mills.
650 #0 - SUBJECT ADDED ENTRY--TOPICAL TERM
Topical Term Cardiology.
Topical Term Heart
856 40 - ELECTRONIC LOCATION AND ACCESS
Uniform Resource Identifier http://site.ebrary.com/lib/rucke/Doc?id=10033027

No items available.

© 2026 Rongo University
Contact us: librarian | system librarian | Rongo university